000
00194 a2200097 4500
020
_a
9781930332256
041
_a
spa
100
_a
Doris Buchanan Smith
245
_a
Un sabor a moras
942
_c
BK
999
_c
28995
_d
28993